000 00431nam a2200169Ia 4500
003 LK-CoDNM
005 20240925125700.0
008 010623t1874 xxu||||| |||| 00| 1 eng d
040 _aLK-CoDNM
_dLK-CoDNM
_eLK-CoDNM
041 _aeng
080 _a22
_bC47
100 _aPistorius, A.W.P. Verkerk
245 _aIndische Volksbelangen
260 _bMartinus nijhoff
_aS ghavenhage
_c1874
300 _b272p. : 25 cm
942 _cBK
999 _c81902
_d81902